000 00219 a2200097 4500
001 16191
100 _aPirzada, S S
245 _aFoundations of Pakistan (Vol-II)
260 _a
_bNational Pub.
_c
090 _c12474
_d12474
942 _aNUST-CAE
_cM
_c2752
999 _c251264
_d251264